000 00404nam a2200145Ia 4500
003 OSt
008 150624b xxu||||| |||| 00| f mal d
020 _a8122605230
020 _a9788122606744
082 _a894.812308
_bVAS/KA
100 _aവാസുദേവൻ നായർ, എം. ടി.
_95199
245 _aകാലം | Kalam /
260 _aThrissur :
_bCurrent Books ,
_c2006
942 _cBK
999 _c17514
_d17514